00293nam a22001097a 4500008004100000082001600041100002500057245003400082260004800116300001300164440000600177230619b xxu||||| |||| 00| 0 eng d a297.14bRHA cDr. Tanzil-Ur-Rahman aA code of Muslim Personal Law aPakistanbHamdard National Foundationc1978 aXVI,775p vI